00572nam a2200169Ia 4500020001500000040000800015082002600023100002200049245008000071246004500151260004300196300003300239500007900272650001400351700001700365700002000382 a0395744210 cMRC a746 HOU 1995 A085 Or.1 aDelemeester, Greg10aClassroom experiments :bto accompany Taylor's Economics : a user's guide /14aClassroom experiments :ba user's guide. a[Boston?] :bHoughton Mifflin,cc1995. avi, 132 p. :bill. ;c28 cm. aManual which is meant to supplement the textbook Economics by John Taylor. 0aEconomics1 aNeral, John.1 aTaylor, John B.